mysqli: Table './ulib62015/stat_globaluid' is marked as crashed and should be repaired
select id from stat_globaluid where statuid='20260518034913_1181'
mysqli: Table './ulib62015/stat_globaluid' is marked as crashed and should be repaired
DELETE FROM stat_globaluid
WHERE id NOT IN (
SELECT id
FROM (
SELECT id
FROM stat_globaluid
ORDER BY id DESC
LIMIT 100
) foo
);
mysqli: Table './ulib62015/stat_globaluid' is marked as crashed and should be repaired
insert into stat_globaluid set
statuid='20260518034913_1181',
dt='1779050953',
phpself='/ULIB62015/dublinfull.php',
agent='Mozilla/5.0 AppleWebKit/537.36 (KHTML, like Gecko; compatible; ClaudeBot/1.0; +claudebot@anthropic.com)',
yea='2026',
mon='5',
dat='18',
ip='216.73.216.45'
mysqli: Table './ulib62015/stathist_viewbib_bib_type' is marked as crashed and should be repaired
insert into stathist_viewbib_bib_type set
dat='18' ,
mon='05' ,
yea='2026' ,
statuid='20260518034913_1181' ,
head='13399108106' ,
foot='marc' ,
dt='1779050953'
| LEADER : 00000nam 2200000uu 4500 |
| 001 13399108106 |
| 003 ULIB |
| 008 110713s||||||||th 000 0 tha d |
| 050 0 ^aTK7881.4^bพ824
|
| 100 0 ^aพุฒิพงศ์ วงศ์สว่าง
|
| 245 00 ^aเรื่องเสียง...ต้อง sony sound forge
|
| 260 ^aกรุงเทพฯ:^bวิตตี้ กรุ๊ป,^c2551
|
| 300 ^a366 หน้า
|
| 945 ^p299^l0^i015566
|
| 945 ^p299^l0^i015567
|
| 945 ^p299^l0^i015568
|
| 945 ^p299^l0^i015569 |
| 999 ^aใช้งานได้ทุกระบบ
|
| คุณยังไม่ได้ล็อกอิน คุณสามารถมีกิจกรรมร่วมกับเว็บไซต์ได้ แต่ต้องล็อกอินก่อน :: |
|
|
|
รายการใกล้เคียง
ผู้แต่ง [พุฒิพงศ์ วงศ์สว่าง]
|
|
ยังไม่เคยถูกคอมเมนท์
|
| คอมเมนท์ทรัพยากรรายการนี้ |
|